|
|
|
|
| LEADER |
00000nam a22000007a 4500 |
| 005 |
20200603153912.0 |
| 007 |
cu|||| |||| |
| 008 |
200603s2020 mx |||||s|||| 00||0 spa d |
| 020 |
|
|
|a 978-607-541-204-7
|
| 035 |
|
|
|a 31641
|
| 040 |
|
|
|a vLex
|
| 090 |
|
|
|c 10516
|d 10516
|
| 100 |
1 |
|
|a Domn̕guez Orozco, Jaime
|
| 245 |
1 |
0 |
|a Escuelas
|h [Recurso electrn̤ico] :
|b rǧimen jurd̕ico-fiscal /
|c Jaime Domn̕guez Orozco, Cuauhtm̌oc Resňdiz Nn︢ez
|
| 256 |
|
|
|a Servicio en ln̕ea
|
| 260 |
|
|
|a Ciudad de Mx̌ico:
|b Ediciones Fiscales ISEF,
|c 2020
|
| 300 |
|
|
|a 1 recurso electrn̤ico
|
| 506 |
1 |
|
|a Disponible solo en los productos indicados
|d vLex Global
|d vLex Global (Academic Edition, excluding Law Schools)
|d vLex Global (U.S. Academic Edition, Law Schools)
|d vLex Global (U.S. Academic Edition, excluding Law Schools)
|d vLex Global (Academic Edition, Law Schools)
|
| 650 |
0 |
4 |
|a Derecho Fiscal
|z Mx̌ico
|
| 740 |
0 |
|
|a vLex Libros (Servicio en ln̕ea)
|
| 856 |
4 |
0 |
|u http://vlex.com/source/escuelas-regimen-juridico-fiscal-31641
|z Acceso restringido
|
| 942 |
|
|
|c BOOK
|
| 999 |
0 |
|
|a Tax Law
|